<?xml version="1.0" encoding="UTF-8"?>
<record
    xmlns:xsi="http://www.w3.org/2001/XMLSchema-instance"
    xsi:schemaLocation="http://www.loc.gov/MARC21/slim http://www.loc.gov/standards/marcxml/schema/MARC21slim.xsd"
    xmlns="http://www.loc.gov/MARC21/slim">

  <leader>00818nam a2200229 a 4500</leader>
  <controlfield tag="001">BRCA_7786</controlfield>
  <controlfield tag="005">20190320210007.0</controlfield>
  <controlfield tag="008">011013s1963----mx-a######---#000-0#spa-#</controlfield>
  <datafield tag="041" ind1=" " ind2=" ">
    <subfield code="a">spa</subfield>
  </datafield>
  <datafield tag="044" ind1=" " ind2=" ">
    <subfield code="a">mx</subfield>
  </datafield>
  <datafield tag="050" ind1=" " ind2="4">
    <subfield code="a">ND259.O7</subfield>
    <subfield code="b">.C38 1963</subfield>
  </datafield>
  <datafield tag="245" ind1="1" ind2="0">
    <subfield code="a">Cat&#xE1;logo de dibujos y pinturas de Jos&#xE9; Clemente Orozco</subfield>
    <subfield code="b">de la subasta privada que se efectuara el s&#xE1;bado 4 de mayo a las 6:30 p.m. en el Sal&#xF3;n Orozco del Hotel Mar&#xED;a Isabel, M&#xE9;xico, D.F.</subfield>
  </datafield>
  <datafield tag="260" ind1=" " ind2=" ">
    <subfield code="a">M&#xE9;xico</subfield>
    <subfield code="b">Subastas y Remates</subfield>
    <subfield code="c">1963</subfield>
  </datafield>
  <datafield tag="300" ind1=" " ind2=" ">
    <subfield code="a">24 p.</subfield>
    <subfield code="b">il.</subfield>
    <subfield code="c">25 cm.</subfield>
  </datafield>
  <datafield tag="500" ind1=" " ind2=" ">
    <subfield code="a">X35</subfield>
  </datafield>
  <datafield tag="600" ind1="1" ind2="4">
    <subfield code="a">Orozco, Jos&#xE9; Clemente</subfield>
    <subfield code="d">1883-1949</subfield>
    <subfield code="9">9279</subfield>
  </datafield>
  <datafield tag="650" ind1="1" ind2="4">
    <subfield code="a">Pintura mexicana</subfield>
    <subfield code="v">Subastas</subfield>
    <subfield code="9">19286</subfield>
  </datafield>
  <datafield tag="650" ind1="1" ind2="4">
    <subfield code="a">Pintura mexicana</subfield>
    <subfield code="v">Cat&#xE1;logos</subfield>
    <subfield code="9">3411</subfield>
  </datafield>
  <datafield tag="650" ind1="1" ind2="4">
    <subfield code="a">Pintores mexicanos</subfield>
    <subfield code="v">Coleccionistas y colecciones</subfield>
    <subfield code="9">19287</subfield>
  </datafield>
  <datafield tag="902" ind1=" " ind2=" ">
    <subfield code="a">GFM</subfield>
  </datafield>
  <datafield tag="942" ind1=" " ind2=" ">
    <subfield code="2">lcc</subfield>
    <subfield code="c">B</subfield>
  </datafield>
  <datafield tag="999" ind1=" " ind2=" ">
    <subfield code="c">7460</subfield>
    <subfield code="d">7460</subfield>
  </datafield>
  <datafield tag="952" ind1=" " ind2=" ">
    <subfield code="0">0</subfield>
    <subfield code="1">0</subfield>
    <subfield code="4">0</subfield>
    <subfield code="7">0</subfield>
    <subfield code="a">BRCA</subfield>
    <subfield code="b">BRCA</subfield>
    <subfield code="d">2013-09-30</subfield>
    <subfield code="i">X35</subfield>
    <subfield code="l">0</subfield>
    <subfield code="o">ND259.O7 .C38 1963 (X35)</subfield>
    <subfield code="p">8395</subfield>
    <subfield code="r">2019-03-22 00:00:00</subfield>
    <subfield code="w">2019-03-22</subfield>
    <subfield code="y">B</subfield>
  </datafield>
</record>
